Loading...
| History - American | 0 | 2 | 0 | 0 | 20 | 78 | 96.50 | 1 | 1 | 7.62 | 19.64 |
| Science - Biology | 0 | 2 | 1 | 0 | 15 | 116 | 120.50 | 0 | 1 | 8.76 | 18.45 |
| Science - Chemistry | 0 | 1 | 0 | 0 | 10 | 105 | 105.00 | 0 | 1 | 2.89 | 14.29 |
| Fine Arts - Other Arts | 0 | 1 | 0 | 0 | 10 | 123 | 123.00 | 0 | 0 | 0.97 | 3.57 |
| Beliefs | 0 | 1 | 0 | 0 | 10 | 88 | 88.00 | 0 | 1 | 3.76 | 9.26 |
| Science - Physics | 0 | 1 | 1 | 0 | 5 | 139 | 139.00 | 0 | 0 | 0.30 | 2.04 |
| Social Science | 0 | 1 | 1 | 0 | 5 | 89 | 89.00 | 0 | 1 | 2.63 | 5.21 |
| Visual Arts | 0 | 0 | 0 | 0 | 0 | 0.00 | 0 | 0 | 0.00 | 0.00 | |
| Literature - European | 0 | 0 | 0 | 0 | 0 | 0.00 | 0 | 0 | 0.00 | 0.00 | |
| Literature - World | 0 | 0 | 0 | 0 | 0 | 0.00 | 0 | 0 | 0.61 | 5.36 | |
| Science - Other | 0 | 0 | 1 | 0 | -5 | 0.00 | 0 | 0 | 0.00 | 0.00 | |
| Philosophy | 0 | 0 | 1 | 0 | -5 | 0.00 | 0 | 0 | 0.00 | 0.00 | |
| Literature - American | 0 | 0 | 1 | 0 | -5 | 0.00 | 0 | 0 | 0.00 | 0.00 | |
| Geography | 0 | 0 | 1 | 0 | -5 | 0.00 | 0 | 0 | 0.00 | 0.00 |